El pobre senyor Font (Record no. 31765)

MARC details
000 -LEADER
campo de control de longitud fija 00588nam a2200193 i 4500
001 - NÚMERO DE CONTROL
campo de control 31765
003 - IDENTIFICADOR DE NÚMERO DE CONTROL
campo de control ES-MaACL
005 - FECHA Y HORA DE LA ÚLTIMA TRANSACCIÓN
campo de control 20250607063014.0
007 - CAMPO FIJO DE DESCRIPCIÓN FÍSICA--INFORMACIÓN GENERAL
campo de control de longitud fija t|
008 - DATOS DE LONGITUD FIJA--INFORMACIÓN GENERAL
campo de control de longitud fija 030130s1964 sp ||||1| cat d
100 1# - ENTRADA PRINCIPAL--NOMBRE DE PERSONA
Nombre de persona Benguerel, Xavier,
Fechas asociadas al nombre 1905-1990
9 (RLIN) 27580
245 13 - MENCIÓN DEL TÍTULO
Título El pobre senyor Font
Resto del título : novel-la /
Mención de responsabilidad, etc. Xavier Benguerel.
260 ## - PUBLICACIÓN, DISTRIBUCIÓN, ETC.
Lugar de publicación, distribución, etc. Barcelona :
Nombre del editor, distribuidor, etc. Club Editor,
Fecha de publicación, distribución, etc. 1964.
300 ## - DESCRIPCIÓN FÍSICA
Extensión 214 p. ;
Dimensiones 18 cm.
490 1# - MENCIÓN DE SERIE
Mención de serie Club dels novel-listes ;
Designación de volumen o secuencia 31
830 0# - PUNTO DE ACCESO ADICIONAL DE SERIE-TÍTULO UNIFORME
Título uniforme Club dels novel-listes ;
Designación de volumen o secuencia 31
9 (RLIN) 181515
852 ## - LOCALIZACIÓN
Ubicación ES-MaACL
Número de control de estantería C-50284
Sublocalización o colección R.71654
Holdings
Estatus retirado Estado de pérdida Estado de daño No para préstamo Biblioteca de origen Biblioteca actual Ubicación en estantería Fecha de adquisición Fuente de adquisición Total de préstamos Signatura topográfica completa Código de barras Visto por última vez Precio de reemplazo Tipo de ítem Koha
        Biblioteca del Ateneo de Madrid Biblioteca del Ateneo de Madrid Depósito 2 17/01/2008     C-50284 1032841 23/02/2023 23/02/2023 Libro impreso